[Event "Budapest SixDays 01 IM-B"]
[Site "Budapest"]
[Date "2024.01.31"]
[Round "8"]
[White "Nemitz, Alfred"]
[Black "Srinath, Rao SV"]
[Result "1/2-1/2"]
[WhiteElo "2223"]
[BlackElo "2260"]
[PlyCount "55"]
[EventDate "2024.01.27"]
[EventType "tourn"]
[EventRounds "9"]
[EventCountry "HUN"]
[SourceTitle "CB06_2024"]
[SourceDate "2024.02.07"]
[SourceVersion "1"]
[SourceVersionDate "2024.02.07"]
[SourceQuality "1"]

1. d4 Nf6 2. Nf3 g6 3. Bg5 Bg7 4. Nbd2 0-0 5. c3 d5 6. e3 Nbd7 7. Be2 Re8 8. 0-0 e5 9. h3 e4 10. Nh2 h6 11. Bh4 c6 12. c4 Nf8 13. cxd5 cxd5 14. Rc1 Qb6 15. Qb3 Be6 16. Qxb6 axb6 17. a3 Rec8 18. Nb1 Ne8 19. Be7 Nd7 20. Nc3 Bf8 21. Bxf8 Kxf8 22. f3 exf3 23. Bxf3 Ndf6 24. Ng4 Nxg4 25. Bxg4 Bxg4 26. hxg4 Rd8 27. Nb5 Rac8 28. Kf2 1/2-1/2

[Event "Budapest SixDays 01 IM-B"]
[Site "Budapest"]
[Date "2024.01.27"]
[Round "1"]
[White "Nemeth, Zoltan"]
[Black "Srinath, Rao SV"]
[Result "1/2-1/2"]
[WhiteElo "2194"]
[BlackElo "2260"]
[PlyCount "77"]
[EventDate "2024.01.27"]
[EventType "tourn"]
[EventRounds "9"]
[EventCountry "HUN"]
[SourceTitle "CB06_2024"]
[SourceDate "2024.02.07"]
[SourceVersion "1"]
[SourceVersionDate "2024.02.07"]
[SourceQuality "1"]

1. d4 Nf6 2. c4 g6 3. Nc3 Bg7 4. g3 0-0 5. Bg2 d6 6. Nf3 Nbd7 7. 0-0 e5 8. dxe5 dxe5 9. Bg5 c6 10. Qc1 Re8 11. Rd1 Qc7 12. h3 a5 13. Nd2 Nc5 14. Bxf6 Bxf6 15. Nde4 Nxe4 16. Nxe4 Be7 17. c5 Be6 18. Ng5 Bd7 19. Qe3 Rad8 20. Rd2 Bc8 21. Rad1 Rxd2 22. Rxd2 Rd8 23. Ne4 Be6 24. a3 a4 25. Qc3 Rd5 26. Qb4 f5 27. Rxd5 cxd5 28. Nc3 Bxc5 29. Nxd5 Bxd5 30. Bxd5+ Kg7 31. Qxa4 Bxf2+ 32. Kg2 Bd4 33. Qa8 e4 34. Qxb7 Qxb7 35. Bxb7 Bxb2 36. a4 Bc3 37. g4 Kf6 38. gxf5 gxf5 39. Bc6 1/2-1/2

[Event "Titled Tuesday intern op 16th Jan Late"]
[Site "Chess.com INT"]
[Date "2024.01.16"]
[Round "6"]
[White "Seemann, Jakub"]
[Black "Srinath, Rao SV"]
[Result "1-0"]
[WhiteElo "2439"]
[BlackElo "2260"]
[PlyCount "75"]
[EventDate "2024.01.16"]
[EventType "swiss (blitz)"]
[EventRounds "11"]
[EventCountry "USA"]
[SourceTitle "CB04_2024"]
[SourceDate "2023.10.16"]
[SourceVersion "1"]
[SourceVersionDate "2023.10.16"]
[SourceQuality "1"]

1. d4 d5 2. Nf3 Nf6 3. Bf4 c5 4. e3 Nc6 5. Bb5 Bg4 6. 0-0 e6 7. c3 Bd6 8. Bxd6 Qxd6 9. Be2 0-0 10. Nbd2 e5 11. dxe5 Nxe5 12. Nxe5 Bxe2 13. Qxe2 Qxe5 14. h3 Rfe8 15. Nf3 Qh5 16. Rad1 a6 17. Qc2 Rad8 18. a4 Ne4 19. c4 Rd6 20. Rxd5 Rxd5 21. cxd5 Qxd5 22. Rd1 Qc6 23. a5 g6 24. Qc4 Nd6 25. Qd5 Ne4 26. Qc4 b5 27. axb6 Qxb6 28. Rd7 Qe6 29. Qd3 c4 30. Qd1 Rb8 31. Rd8+ Rxd8 32. Qxd8+ Kg7 33. Qd4+ f6 34. Qa7+ Kh6 35. Nd4 Qd6 36. Qb7 Nc5 37. Qf7 Nd3 38. Ne6 1-0

[Event "Titled Tuesday intern op 16th Jan Late"]
[Site "Chess.com INT"]
[Date "2024.01.16"]
[Round "3"]
[White "Srinath, Rao SV"]
[Black "Cardozo Munar, Carlos Eduardo"]
[Result "1-0"]
[WhiteElo "2260"]
[BlackElo "2043"]
[PlyCount "91"]
[EventDate "2024.01.16"]
[EventType "swiss (blitz)"]
[EventRounds "11"]
[EventCountry "USA"]
[SourceTitle "CB04_2024"]
[SourceDate "2023.10.16"]
[SourceVersion "1"]
[SourceVersionDate "2023.10.16"]
[SourceQuality "1"]

1. e4 e6 2. Nc3 d5 3. d4 Nf6 4. e5 Nfd7 5. f4 c5 6. Nf3 Nc6 7. Be3 Qb6 8. Qd2 Qxb2 9. Rb1 Qa3 10. Bb5 Nxd4 11. Nxd4 cxd4 12. Bxd4 a6 13. Bxd7+ Kxd7 14. f5 Bc5 15. 0-0 b6 16. fxe6+ fxe6 17. Rf7+ Kc6 18. Ne2 Bd7 19. Bxc5 bxc5 20. c4 Rab8 21. cxd5+ exd5 22. Rd1 Be6 23. Re7 Bg8 24. Nd4+ cxd4 25. Rc1+ Kb5 26. Rb1+ Kc6 27. Qc1+ Qxc1+ 28. Rxc1+ Kb5 29. Rb1+ Kc4 30. Rxb8 d3 31. Kf2 Kd4 32. Ree8 h5 33. Rxg8 Rh6 34. Rxg7 Re6 35. Rg5 h4 36. Rb4+ Kc3 37. Rb3+ Kc2 38. Ke3 d2 39. Rd3 d4+ 40. Kxd4 d1Q 41. Rxd1 Kxd1 42. Kd5 Rb6 43. e6 Rb5+ 44. Kd6 Rxg5 45. e7 Rg8 46. g4 1-0

[Event "Titled Tuesday intern op 16th Jan Late"]
[Site "Chess.com INT"]
[Date "2024.01.16"]
[Round "4"]
[White "Srinath, Rao SV"]
[Black "Heberla, Bartlomiej"]
[Result "1-0"]
[WhiteElo "2260"]
[BlackElo "2546"]
[PlyCount "51"]
[EventDate "2024.01.16"]
[EventType "swiss (blitz)"]
[EventRounds "11"]
[EventCountry "USA"]
[SourceTitle "CB04_2024"]
[SourceDate "2023.10.16"]
[SourceVersion "1"]
[SourceVersionDate "2023.10.16"]
[SourceQuality "1"]

1. e4 e6 2. d3 d5 3. Nd2 c5 4. g3 Nc6 5. Ngf3 Bd6 6. Bg2 Nge7 7. 0-0 0-0 8. Re1 f6 9. c3 Bd7 10. Nf1 Qc7 11. h4 b5 12. h5 h6 13. Nh4 d4 14. cxd4 Nxd4 15. Be3 Rac8 16. Qd2 Be8 17. Rac1 Nec6 18. g4 Qa5 19. Qxa5 Nxa5 20. Bxd4 Bxh5 21. Bc3 b4 22. gxh5 bxc3 23. Rxc3 Be5 24. Rc2 Rfd8 25. Ng6 Bd4 26. Ne7+ 1-0

[Event "Skopje op"]
[Site "Skopje"]
[Date "2023.12.09"]
[Round "5"]
[White "Pastar, Slaven"]
[Black "Srinath, Rao SV"]
[Result "1/2-1/2"]
[WhiteElo "2357"]
[BlackElo "2255"]
[PlyCount "42"]
[EventDate "2023.12.06"]
[EventType "swiss"]
[EventRounds "9"]
[EventCountry "MKD"]
[SourceTitle "CB50_2023"]
[SourceDate "2023.12.13"]
[SourceVersion "1"]
[SourceVersionDate "2023.12.13"]
[SourceQuality "1"]

1. e4 c5 2. Nf3 e6 3. b3 b6 4. Nc3 Bb7 5. Bd3 Nc6 6. 0-0 Be7 7. Re1 d6 8. Bb2 Nf6 9. Bf1 0-0 10. d3 a6 11. Ne2 Qc7 12. Ng3 Ne5 13. Nxe5 dxe5 14. Nh5 g6 15. Nxf6+ Bxf6 16. Re3 Bg7 17. Qe2 Rad8 18. h4 f6 19. Re1 Rf7 20. Rh3 Bh6 21. Rd1 Qc6 1/2-1/2

[Event "Skopje op"]
[Site "Skopje"]
[Date "2023.12.06"]
[Round "1"]
[White "Baskin, Robert"]
[Black "Srinath, Rao SV"]
[Result "1-0"]
[WhiteElo "2472"]
[BlackElo "2255"]
[PlyCount "111"]
[EventDate "2023.12.06"]
[EventType "swiss"]
[EventRounds "9"]
[EventCountry "MKD"]
[SourceTitle "CB50_2023"]
[SourceDate "2023.12.13"]
[SourceVersion "1"]
[SourceVersionDate "2023.12.13"]
[SourceQuality "1"]

1. e4 e6 2. d4 d5 3. Nc3 Nf6 4. e5 Nfd7 5. f4 c5 6. Nf3 Nc6 7. Ne2 b5 8. c3 b4 9. f5 exf5 10. Nf4 bxc3 11. bxc3 cxd4 12. e6 fxe6 13. Bb5 Qb6 14. Nxe6 Nf6 15. Qxd4 Qxb5 16. Nc7+ Kd8 17. Nxb5 Nxd4 18. Nbxd4 Bd6 19. 0-0 Re8 20. Nh4 Ba6 21. Nhxf5 Bxf1 22. Nxd6 Re1 23. Nc2 Re6 24. Nf7+ Kd7 25. Kxf1 Rf8 26. Ng5 Ng4+ 27. Nf3 Nxh2+ 28. Kf2 Ng4+ 29. Kg1 Ne5 30. Nxe5+ Rxe5 31. Be3 Rc8 32. Bd4 Re2 33. Ne3 Rb8 34. a4 Rbb2 35. Rf1 Ke6 36. c4 dxc4 37. Bxb2 Rxb2 38. Rc1 Rb4 39. a5 Ra4 40. Nxc4 Kd5 41. Nd2 Rxa5 42. Rc7 Ke6 43. Rxg7 h5 44. Nf3 Kf6 45. Rc7 Ra4 46. Kh2 a5 47. Rc5 Kg6 48. Ne5+ Kh6 49. Nc6 Rh4+ 50. Kg3 Rg4+ 51. Kh3 a4 52. Ra5 Rc4 53. Ne5 Rb4 54. g3 Re4 55. Ra6+ Kg7 56. Ng6 1-0

[Event "Sunnyvale 1000 GM Thanksgiving IM2"]
[Site "Sunnyvale"]
[Date "2023.11.25"]
[Round "6"]
[White "Zhou, Ruoyu"]
[Black "Srinath, Rao SV"]
[Result "1/2-1/2"]
[WhiteElo "1990"]
[BlackElo "2257"]
[PlyCount "60"]
[EventDate "2023.11.22"]
[EventType "schev"]
[EventRounds "9"]
[EventCountry "USA"]
[SourceTitle "CB48_2023"]
[SourceDate "2023.11.29"]
[SourceVersion "1"]
[SourceVersionDate "2023.11.29"]
[SourceQuality "1"]

1. e4 e6 2. d4 d5 3. exd5 exd5 4. Nf3 Bd6 5. c4 Nf6 6. c5 Be7 7. Bd3 0-0 8. 0-0 b6 9. Be3 Na6 10. Qa4 Nb8 11. Qc2 bxc5 12. dxc5 Nc6 13. Bb5 Bd7 14. Bxc6 Bxc6 15. Nd4 Bd7 16. Nd2 c6 17. h3 Re8 18. Rfe1 Qc7 19. Nf5 Bxf5 20. Qxf5 Nd7 21. b4 Bf6 22. Rab1 Qb7 23. Nf3 g6 24. Qd3 Re4 25. a3 Rae8 26. Bd4 Bxd4 27. Qxd4 Qb5 28. Qc3 Nf8 29. Rxe4 Rxe4 30. Nd4 Qa4 1/2-1/2

[Event "Sunnyvale 1000 GM Thanksgiving IM2"]
[Site "Sunnyvale"]
[Date "2023.11.23"]
[Round "3"]
[White "Srinath, Rao SV"]
[Black "Krishnan, Saatvik"]
[Result "1-0"]
[WhiteElo "2257"]
[BlackElo "1818"]
[PlyCount "89"]
[EventDate "2023.11.22"]
[EventType "schev"]
[EventRounds "9"]
[EventCountry "USA"]
[SourceTitle "CB48_2023"]
[SourceDate "2023.11.29"]
[SourceVersion "1"]
[SourceVersionDate "2023.11.29"]
[SourceQuality "1"]

1. e4 e5 2. Nf3 Nc6 3. Bc4 Bc5 4. d3 Nf6 5. Nc3 h6 6. h3 a6 7. Be3 Bxe3 8. fxe3 d6 9. a4 Be6 10. Nd2 0-0 11. Qf3 Nb4 12. Rc1 c6 13. 0-0 d5 14. Bb3 Qa5 15. Qg3 Nd7 16. Nf3 Nc5 17. Nxe5 Nxb3 18. cxb3 Qc7 19. Qf4 f6 20. Ng6 Qxf4 21. Nxf4 Bf7 22. exd5 g5 23. Nfe2 Bxd5 24. Nxd5 cxd5 25. Rc7 Rae8 26. Nd4 Rf7 27. Rc3 Kh7 28. Nf5 Rd7 29. d4 Kg6 30. g4 h5 31. Ng3 h4 32. Nf5 Nc6 33. Kf2 Re4 34. Ke2 Kf7 35. Kd2 a5 36. Rc5 Ke6 37. Rfc1 Rc7 38. Rxa5 Rd7 39. Rb5 Rh7 40. Rb6 Rc7 41. Rc5 Rd7 42. a5 Kf7 43. a6 Re8 44. axb7 Nb8 45. Nd6+ 1-0

[Event "Sunnyvale 1000 GM Thanksgiving IM2"]
[Site "Sunnyvale"]
[Date "2023.11.22"]
[Round "1"]
[White "Srinath, Rao SV"]
[Black "Qin, Vincent1"]
[Result "1-0"]
[WhiteElo "2257"]
[BlackElo "1875"]
[PlyCount "67"]
[EventDate "2023.11.22"]
[EventType "schev"]
[EventRounds "9"]
[EventCountry "USA"]
[SourceTitle "CB48_2023"]
[SourceDate "2023.11.29"]
[SourceVersion "1"]
[SourceVersionDate "2023.11.29"]
[SourceQuality "1"]

1. c4 c5 2. Nf3 Nc6 3. g3 e5 4. Nc3 g6 5. Bg2 Bg7 6. d3 Nge7 7. Rb1 d6 8. Bd2 0-0 9. 0-0 h6 10. Ne1 Be6 11. Nd5 a5 12. a3 Rb8 13. Nxe7+ Nxe7 14. b4 axb4 15. axb4 cxb4 16. Bxb4 Nc6 17. Nc2 Nxb4 18. Nxb4 Qd7 19. Qd2 Rfc8 20. Qe3 Bh3 21. Bxh3 Qxh3 22. Nd5 Qe6 23. Rb5 Kh7 24. Rfb1 e4 25. Rxb7 Rxb7 26. Rxb7 exd3 27. exd3 Ra8 28. Qxe6 fxe6 29. Nc7 Ra1+ 30. Kg2 Kg8 31. Nxe6 Bf6 32. Rd7 Ra6 33. Nc7 Rc6 34. Nd5 1-0

[Event "Sebes GP op"]
[Site "Sebes"]
[Date "2023.11.05"]
[Round "10"]
[White "Chigaev, Maksim"]
[Black "Srinath, Rao SV"]
[Result "1/2-1/2"]
[WhiteElo "2626"]
[BlackElo "2260"]
[PlyCount "144"]
[EventDate "2023.11.04"]
[EventType "swiss"]
[EventRounds "10"]
[EventCountry "ROU"]
[SourceTitle "CB46_2023"]
[SourceDate "2023.11.15"]
[SourceVersion "1"]
[SourceVersionDate "2023.11.15"]
[SourceQuality "1"]

1. e4 e6 2. d3 d5 3. Nd2 Nf6 4. Ngf3 c5 5. g3 Nc6 6. Bg2 g6 7. 0-0 Bg7 8. Re1 0-0 9. c3 b6 10. e5 Nd7 11. d4 a5 12. Nf1 Ba6 13. Bg5 Qc7 14. Rc1 Qb7 15. a3 Rfc8 16. h4 cxd4 17. cxd4 h6 18. Bf4 Ne7 19. g4 Rxc1 20. Qxc1 Rc8 21. Qd2 Kh7 22. Ne3 Qc6 23. Bf1 Bxf1 24. Rxf1 Qa4 25. Qd3 Nc5 26. Qe2 Ne4 27. Kg2 b5 28. Qd1 Qxd1 29. Rxd1 f6 30. Bh2 Kg8 31. exf6 Bxf6 32. Be5 Nc6 33. Bxf6 Nxf6 34. Rc1 Nd7 35. Kg3 Kg7 36. Ng2 Kf6 37. Nf4 Ne7 38. Re1 Rc6 39. Re2 b4 40. axb4 axb4 41. Nd3 b3 42. Nf4 Nc8 43. Re3 Rb6 44. g5+ hxg5 45. Nxg5 Nf8 46. Rc3 Nd6 47. Rc7 Rb7 48. Rc6 Nf5+ 49. Kg4 Nxd4 50. Rc8 Nd7 51. Nd3 Ne5+ 52. Nxe5 Kxe5 53. Rg8 Kf6 54. Rf8+ Kg7 55. Ra8 Kf6 56. Rf8+ Kg7 57. Ra8 e5 58. Rd8 Rb4 59. Rd7+ Kg8 60. Kh3 Nf5 61. Ne6 Rxh4+ 62. Kg2 Rg4+ 63. Kf1 d4 64. Nc5 e4 65. Nxb3 d3 66. Nc5 Rh4 67. b4 Rh1+ 68. Kg2 Rb1 69. Nxe4 Rxb4 70. Nf6+ Kf8 71. Nh7+ Kg8 72. Nf6+ Kf8 1/2-1/2

[Event "Sebes GP op"]
[Site "Sebes"]
[Date "2023.11.05"]
[Round "6"]
[White "Nanu, Ciprian Costica"]
[Black "Srinath, Rao SV"]
[Result "1-0"]
[WhiteElo "2524"]
[BlackElo "2260"]
[PlyCount "121"]
[EventDate "2023.11.04"]
[EventType "swiss"]
[EventRounds "10"]
[EventCountry "ROU"]
[SourceTitle "CB46_2023"]
[SourceDate "2023.11.15"]
[SourceVersion "1"]
[SourceVersionDate "2023.11.15"]
[SourceQuality "1"]

1. d4 Nf6 2. Nf3 g6 3. c4 Bg7 4. g3 0-0 5. Bg2 d6 6. 0-0 Nc6 7. Nc3 e5 8. d5 Nb8 9. e4 a5 10. Re1 Na6 11. Rb1 Nc5 12. b3 c6 13. Ba3 cxd5 14. Bxc5 dxc5 15. cxd5 Ne8 16. Nd2 Bd7 17. a4 Nd6 18. Nc4 Ra6 19. Bf1 h5 20. Qd2 h4 21. Qe3 hxg3 22. hxg3 Qc7 23. Qg5 Nxc4 24. Bxc4 Rd6 25. Kg2 f5 26. exf5 gxf5 27. Rh1 Rff6 28. Nb5 Bxb5 29. Bxb5 Qf7 30. Rh5 Kf8 31. Bc4 Rg6 32. Qxf5 Qxf5 33. Rxf5+ Ke7 34. Re1 Kd8 35. Re4 Kc7 36. Rh4 Rdf6 37. Rxf6 Bxf6 38. Rh7+ Rg7 39. Rh6 Be7 40. Kf3 Rf7+ 41. Ke2 Bd6 42. f3 Rg7 43. g4 e4 44. fxe4 Rxg4 45. Re6 Rg5 46. Kf3 Rg3+ 47. Kf2 Rg5 48. Rh6 Rg7 49. Rh5 Rf7+ 50. Ke3 Re7 51. Be2 Be5 52. Bg4 Bd6 53. Be6 Rg7 54. e5 Be7 55. d6+ Bxd6 56. exd6+ Kxd6 57. Bc4 Re7+ 58. Kd3 Rg7 59. Rh6+ Kc7 60. Bd5 Rg4 61. Rh7+ 1-0

[Event "Sebes GP op"]
[Site "Sebes"]
[Date "2023.11.05"]
[Round "7"]
[White "Srinath, Rao SV"]
[Black "Calin, Alexandru"]
[Result "1-0"]
[WhiteElo "2260"]
[BlackElo "2164"]
[PlyCount "65"]
[EventDate "2023.11.04"]
[EventType "swiss"]
[EventRounds "10"]
[EventCountry "ROU"]
[SourceTitle "CB46_2023"]
[SourceDate "2023.11.15"]
[SourceVersion "1"]
[SourceVersionDate "2023.11.15"]
[SourceQuality "1"]

1. e4 d6 2. d4 Nf6 3. Nc3 Nbd7 4. g4 h6 5. h3 e5 6. Nge2 b5 7. dxe5 Nxe5 8. Bg2 b4 9. Nd5 Nxd5 10. exd5 Be7 11. 0-0 0-0 12. Nd4 f5 13. f4 Ng6 14. gxf5 Bxf5 15. Nxf5 Rxf5 16. Be4 Rf6 17. Qg4 Nh4 18. Kh1 Rf7 19. Be3 Bf6 20. Bf2 Qd7 21. f5 Qe7 22. Rae1 Raf8 23. Bd3 Qd8 24. Re6 Bg5 25. Bxh4 Bxh4 26. Rxh6 Bg5 27. Rh5 Bf6 28. Re1 Re8 29. Re6 Be5 30. Qg6 Rff8 31. f6 Qxf6 32. Qh7+ Kf7 33. Bg6+ 1-0

[Event "Sebes GP op"]
[Site "Sebes"]
[Date "2023.11.04"]
[Round "2"]
[White "Srinath, Rao SV"]
[Black "Sofronie, Vladimir"]
[Result "1-0"]
[WhiteElo "2260"]
[BlackElo "1867"]
[PlyCount "57"]
[EventDate "2023.11.04"]
[EventType "swiss"]
[EventRounds "10"]
[EventCountry "ROU"]
[SourceTitle "CB46_2023"]
[SourceDate "2023.11.15"]
[SourceVersion "1"]
[SourceVersionDate "2023.11.15"]
[SourceQuality "1"]

1. e4 c5 2. c3 d5 3. exd5 Qxd5 4. d4 Nc6 5. Nf3 Bf5 6. Be3 cxd4 7. Nxd4 Nxd4 8. cxd4 Nf6 9. Nc3 Qd8 10. Qf3 Bd7 11. Qxb7 Rb8 12. Qxa7 Rxb2 13. Bd3 e6 14. 0-0 Bd6 15. Rab1 Rxb1 16. Rxb1 0-0 17. h3 e5 18. Bg5 Bc6 19. d5 Ba8 20. Qb6 Qxb6 21. Rxb6 Bc5 22. Rb5 Bd4 23. Bxf6 Bxc3 24. Be7 Re8 25. d6 Bc6 26. Rc5 e4 27. Rxc6 Rb8 28. Rxc3 exd3 29. Rxd3 1-0

[Event "Titled Tuesday intern op 24th Oct Late"]
[Site "Chess.com INT"]
[Date "2023.10.24"]
[Round "8"]
[White "Batsuren, Dambasuren"]
[Black "Srinath, Rao SV"]
[Result "1-0"]
[WhiteElo "2524"]
[BlackElo "2260"]
[PlyCount "55"]
[EventDate "2023.10.24"]
[EventType "swiss (blitz)"]
[EventRounds "11"]
[EventCountry "USA"]
[SourceTitle "Mega2024 Update 01"]
[Source "Chessbase"]
[SourceDate "2023.11.12"]
[SourceVersion "1"]
[SourceVersionDate "2023.11.12"]
[SourceQuality "1"]

1. d4 c5 2. d5 f5 3. c4 Nf6 4. Nc3 g6 5. g3 d6 6. Bg2 Bg7 7. Nf3 Na6 8. 0-0 0-0 9. Qc2 Nc7 10. Rd1 a6 11. a4 b6 12. Rb1 Bd7 13. b4 cxb4 14. Rxb4 Rb8 15. Nd4 a5 16. Rb1 Na6 17. Ba3 Qc7 18. Nc6 Rbe8 19. Qb3 Bxc6 20. dxc6 Rb8 21. c5+ Kh8 22. cxb6 Qc8 23. b7 Qd8 24. Qb6 Nc7 25. Nb5 Nfe8 26. Qxa5 f4 27. Qb6 fxg3 28. hxg3 1-0

[Event "Titled Tuesday intern op 24th Oct Late"]
[Site "Chess.com INT"]
[Date "2023.10.24"]
[Round "10"]
[White "Dourerassou, Jonathan"]
[Black "Srinath, Rao SV"]
[Result "1-0"]
[WhiteElo "2415"]
[BlackElo "2260"]
[PlyCount "69"]
[EventDate "2023.10.24"]
[EventType "swiss (blitz)"]
[EventRounds "11"]
[EventCountry "USA"]
[SourceTitle "Mega2024 Update 01"]
[Source "Chessbase"]
[SourceDate "2023.11.12"]
[SourceVersion "1"]
[SourceVersionDate "2023.11.12"]
[SourceQuality "1"]

1. d4 c5 2. dxc5 e6 3. Be3 Nf6 4. Nc3 Ng4 5. Bf4 Bxc5 6. e3 Nf6 7. Nb5 Nd5 8. Bd6 Bxd6 9. Nxd6+ Ke7 10. Nf5+ exf5 11. Qxd5 d6 12. 0-0-0 Nc6 13. Bd3 Be6 14. Qb5 Qc7 15. Nf3 a6 16. Qa4 h6 17. Nd4 g6 18. Rhe1 b5 19. Nxc6+ Qxc6 20. Qh4+ g5 21. Qd4 Qc5 22. a3 Rac8 23. c3 a5 24. Bc2 Qe5 25. Qa7+ Kf6 26. Qxa5 Rc5 27. Qb4 Qxh2 28. f4 Rd8 29. Rh1 Qxg2 30. Qd4+ Ke7 31. Rxh6 gxf4 32. Qf6+ Kd7 33. Rxd6+ Kxd6 34. Qxd8+ Ke5 35. Qd4# 1-0

[Event "Titled Tuesday intern op 24th Oct Late"]
[Site "Chess.com INT"]
[Date "2023.10.24"]
[Round "2"]
[White "Ladopoulos, Dimitrios"]
[Black "Srinath, Rao SV"]
[Result "0-1"]
[WhiteElo "2349"]
[BlackElo "2260"]
[PlyCount "82"]
[EventDate "2023.10.24"]
[EventType "swiss (blitz)"]
[EventRounds "11"]
[EventCountry "USA"]
[SourceTitle "Mega2024 Update 01"]
[Source "Chessbase"]
[SourceDate "2023.11.12"]
[SourceVersion "1"]
[SourceVersionDate "2023.11.12"]
[SourceQuality "1"]

1. d4 c5 2. d5 f5 3. Nc3 Nf6 4. Nf3 g6 5. Bf4 d6 6. g3 Bg7 7. Bg2 0-0 8. 0-0 Na6 9. Ng5 Nc7 10. e4 h6 11. Ne6 Nxe6 12. dxe6 Bxe6 13. e5 Nh5 14. exd6 Nxf4 15. dxe7 Qxe7 16. gxf4 Rad8 17. Qf3 b6 18. Rfe1 Qf6 19. Qc6 Bf7 20. Qc7 Rd2 21. Qxa7 Qh4 22. Rf1 Qxf4 23. Rae1 Be5 24. Rxe5 Qxe5 25. Qxb6 Bc4 26. Qxg6+ Qg7 27. Qxg7+ Kxg7 28. Rc1 Rb8 29. b3 Be6 30. a4 Kf6 31. a5 Rg8 32. Kf1 Bc8 33. Nd5+ Ke5 34. Ne3 Ba6+ 35. c4 f4 36. Nd5 Kd4 37. Nc7 Bc8 38. a6 f3 39. Bxf3 Bh3+ 40. Ke1 Rb2 41. a7 Rg1# 0-1

[Event "Titled Tuesday intern op 24th Oct Late"]
[Site "Chess.com INT"]
[Date "2023.10.24"]
[Round "1"]
[White "Srinath, Rao SV"]
[Black "Bongo Akanga Ndjila, Barthelemy"]
[Result "1-0"]
[WhiteElo "2260"]
[BlackElo "1824"]
[PlyCount "77"]
[EventDate "2023.10.24"]
[EventType "swiss (blitz)"]
[EventRounds "11"]
[EventCountry "USA"]
[SourceTitle "Mega2024 Update 01"]
[Source "Chessbase"]
[SourceDate "2023.11.12"]
[SourceVersion "1"]
[SourceVersionDate "2023.11.12"]
[SourceQuality "1"]

1. d4 d5 2. Nc3 Bf5 3. Bf4 e6 4. Nf3 Bd6 5. e3 Bxf4 6. exf4 Nf6 7. Ne5 0-0 8. h4 h5 9. Be2 g6 10. g4 hxg4 11. Bxg4 Bxg4 12. Nxg4 Kg7 13. Qe2 Nc6 14. 0-0-0 Nxg4 15. Qxg4 Qf6 16. h5 Nxd4 17. hxg6 fxg6 18. Kb1 Qxf4 19. Rxd4 Qxg4 20. Rxg4 Rxf2 21. Rhg1 Rf6 22. a4 c6 23. a5 e5 24. Rb4 Rf7 25. Na4 Re8 26. Nc5 Ree7 27. Kc1 e4 28. Kd2 Rf2+ 29. Ke3 Rf3+ 30. Ke2 Rff7 31. Rf1 Rxf1 32. Kxf1 b6 33. axb6 axb6 34. Rxb6 d4 35. Rxc6 d3 36. cxd3 exd3 37. Nxd3 Rd7 38. Rxg6+ Kf7 39. Ne5+ 1-0

[Event "Titled Tuesday intern op 24th Oct Late"]
[Site "Chess.com INT"]
[Date "2023.10.24"]
[Round "9"]
[White "Srinath, Rao SV"]
[Black "Pace, Christopher"]
[Result "1-0"]
[WhiteElo "2260"]
[BlackElo "2053"]
[PlyCount "95"]
[EventDate "2023.10.24"]
[EventType "swiss (blitz)"]
[EventRounds "11"]
[EventCountry "USA"]
[SourceTitle "Mega2024 Update 01"]
[Source "Chessbase"]
[SourceDate "2023.11.12"]
[SourceVersion "1"]
[SourceVersionDate "2023.11.12"]
[SourceQuality "1"]

1. d4 Nf6 2. Nc3 d5 3. Bg5 c5 4. e3 cxd4 5. exd4 Nc6 6. Qd2 g6 7. h4 Bg7 8. Be2 h6 9. Bf4 a6 10. 0-0-0 b5 11. f3 Nh5 12. Be3 Ng3 13. Rh2 Nf5 14. h5 g5 15. f4 g4 16. Re1 Nxe3 17. Qxe3 Nxd4 18. Bd3 0-0 19. Nge2 Nxe2+ 20. Nxe2 e6 21. g3 f5 22. Nd4 Rf6 23. Rhe2 Bd7 24. Kb1 Rc8 25. Nb3 Qc7 26. Qd4 a5 27. Qe5 Qb6 28. Qd4 Qc7 29. Qf2 Rff8 30. Nd4 Qb6 31. Nxe6 Qxf2 32. Rxf2 Bxe6 33. Rxe6 Rce8 34. Rfe2 Rxe6 35. Rxe6 Bd4 36. Rxh6 Kg7 37. Rg6+ Kh7 38. c3 Bf2 39. Rd6 Bxg3 40. Rxd5 Bxf4 41. Bxf5+ Kh6 42. Bxg4 Bg5 43. Rxb5 Rf4 44. Bd1 Bf6 45. Rxa5 Rf1 46. Kc2 Rf2+ 47. Kb3 Kg7 48. Bc2 1-0

[Event "Titled Tuesday intern op 24th Oct Late"]
[Site "Chess.com INT"]
[Date "2023.10.24"]
[Round "7"]
[White "Srinath, Rao SV"]
[Black "Pakleza, Zbigniew"]
[Result "1-0"]
[WhiteElo "2260"]
[BlackElo "2482"]
[PlyCount "87"]
[EventDate "2023.10.24"]
[EventType "swiss (blitz)"]
[EventRounds "11"]
[EventCountry "USA"]
[SourceTitle "Mega2024 Update 01"]
[Source "Chessbase"]
[SourceDate "2023.11.12"]
[SourceVersion "1"]
[SourceVersionDate "2023.11.12"]
[SourceQuality "1"]

1. d4 d6 2. Nc3 Nf6 3. e4 c6 4. Be3 Qb6 5. a3 Ng4 6. Bc1 e5 7. Nf3 Nd7 8. h3 Ngf6 9. Be3 Qc7 10. g4 b5 11. Bg2 Bb7 12. g5 Ng8 13. d5 Ne7 14. dxc6 Bxc6 15. Qe2 a6 16. 0-0 h6 17. gxh6 g6 18. h7 Nf6 19. Ng5 Nxh7 20. Nxh7 Rxh7 21. f4 Bh6 22. fxe5 dxe5 23. Nd5 Bxe3+ 24. Qxe3 Bxd5 25. exd5 Qd6 26. Rae1 f6 27. Qf3 Kf7 28. Qg4 Rc8 29. Re2 Rc4 30. Qg3 Nf5 31. Qe1 Qc5+ 32. Kh2 Rxc2 33. b4 Qc3 34. Rxc2 Qxc2 35. Rf2 Qc4 36. Rd2 Qf4+ 37. Kg1 Nd6 38. Rf2 Qd4 39. Kh1 f5 40. Rc2 Kf6 41. Rc6 Rd7 42. Qc1 e4 43. Qh6 e3 44. Qh8+ 1-0

[Event "Titled Tuesday intern op 24th Oct Late"]
[Site "Chess.com INT"]
[Date "2023.10.24"]
[Round "11"]
[White "Srinath, Rao SV"]
[Black "Tologontegin, Semetey"]
[Result "1-0"]
[WhiteElo "2260"]
[BlackElo "2368"]
[PlyCount "123"]
[EventDate "2023.10.24"]
[EventType "swiss (blitz)"]
[EventRounds "11"]
[EventCountry "USA"]
[SourceTitle "Mega2024 Update 01"]
[Source "Chessbase"]
[SourceDate "2023.11.12"]
[SourceVersion "1"]
[SourceVersionDate "2023.11.12"]
[SourceQuality "1"]

1. d4 a6 2. e4 g6 3. h4 h5 4. Nf3 Bg7 5. e5 d6 6. exd6 cxd6 7. Be2 Nh6 8. Bg5 Nf5 9. c3 Nc6 10. Na3 b5 11. 0-0 0-0 12. Rc1 Bd7 13. Re1 Re8 14. Bd3 Rb8 15. Nc2 a5 16. Qd2 Qb6 17. Ne3 Nxe3 18. Rxe3 b4 19. Rce1 bxc3 20. bxc3 Bg4 21. Nh2 Bd7 22. Bxe7 Nxe7 23. Rxe7 Rxe7 24. Rxe7 Qd8 25. Qg5 Bf8 26. Re2 Qxg5 27. hxg5 a4 28. Bc4 Rb1+ 29. Nf1 a3 30. f3 Rb2 31. Kf2 Be6 32. Bxe6 fxe6 33. Rxb2 axb2 34. Nd2 e5 35. a4 Be7 36. a5 Bxg5 37. Nb1 Bd8 38. a6 Bb6 39. Ke3 Kf7 40. Kd3 exd4 41. cxd4 Ke6 42. Nc3 d5 43. Nb1 h4 44. Kc3 Kd6 45. Kxb2 Bxd4+ 46. Kb3 Kc6 47. Na3 Kb6 48. Nc2 Bc5 49. Nb4 d4 50. Kc4 g5 51. Nd5+ Kc6 52. Ne7+ Kb6 53. Nf5 d3 54. Kxd3 Kxa6 55. Ke4 Kb5 56. Nh6 Kc4 57. Nf7 Be7 58. Kf5 Kd3 59. Nxg5 Ke2 60. Kg4 Kf2 61. g3 Kg2 62. gxh4 1-0